Ο αδερφός μου Γιώργος Σεφέρης

Αποθηκεύτηκε σε:
Λεπτομέρειες βιβλιογραφικής εγγραφής
Κύριος συγγραφέας: Τσάτσου, Ιωάννα, 1909-2000
Μορφή: Βιβλίο
Γλώσσα:Greek
Δημοσίευση: [Αθήνα] : Εστία, 1981
Έκδοση:3η έκδ.
Θέματα:
Ετικέτες: Προσθήκη ετικέτας
Δεν υπάρχουν, Καταχωρήστε ετικέτα πρώτοι!

MARC

LEADER 00000cam a2200000 i 4500
001 1/99913
008 081220s1981 gre d
020 |a 960-05-0081-9 
035 |l 10102648 
040 |a GR-MY-UA  |b gre  |e aacr 
041 0 |a gre 
082 0 |a 889.1092  |2 (22) 
100 1 |a Τσάτσου, Ιωάννα,   |d 1909-2000. 
245 1 2 |a Ο αδερφός μου Γιώργος Σεφέρης /  |c Ιωάννας Τσάτσου 
250 |a 3η έκδ. 
260 |a [Αθήνα] :   |b Εστία,   |c 1981 
300 |a 371 σ.;  |c 22 εκ. 
504 |a Το παράρτημα Σάμου διαθέτει την δ' έκδ. 
600 1 0 |a Σεφέρης, Γιώργος,   |d 1900-1971. 
650 0 0 |a Poets, Greek  |x Biography. 
650 0 0 |a Biography. 
852 |a INST  |b RHODES  |c AKA  |e 20081220  |h  920.71 ΤΣΑ  |p 005400031712  |q 005400031712  |t BK  |y 0 
852 |a INST  |b SAMOS  |e 20100126  |h 889.1092 ΤΣΑ  |p 005300030772  |q 005300030772  |t BK  |y 0 
901 |a BIBL3-2010-1 
901 |a BIBL4-2008-3 
909 |a Σ  |b 158628 
909 |a Ρ  |b 156733 
970 |a ΚΟΖΑ  |b ΜΑΡΙΑ  |z 2008/12/20